Wedding Anniversary Gifts - Traditional US - Statistics

General Stats
  • This quiz has been taken 122 times
  • The average score is 11 of 26
Answer Stats
Year Gift % Correct
50th Gold
90%
1st Paper
90%
25th Silver
84%
40th Ruby
74%
5th Wood
74%
55th Emerald
65%
2nd Cotton
56%
30th Pearl
54%
8th Bronze
51%
6th Iron
49%
45th Sapphire
49%
3rd Leather
47%
12th Silk
46%
20th China
42%
11th Steel
38%
24th Opal
32%
15th Crystal
30%
14th Ivory
26%
13th Lace
26%
9th Pottery
25%
4th Linen/Silk
2%
60th Yellow Diamond
2%
75th Diamond/Gold
1%
10th Tin/Aluminium
1%
7th Wool/Copper
1%
35th Coral/Jade
0%
No matching quizzes found
Score Distribution
Percent of People with Each Score
Percentile by Number Answered
Your Score History
You have not taken this quiz